000
00352nam a22001337a 4500
003
SGT
020
_a
9788126719648
082
_a
891.4309
_b
R10S
100
_a
सिंह, काशीनाथ
245
_a
रेहन पर रग्घू
260
_b
राजकमल पेपरबैक्स
_c
2010
300
_a
163
942
_2
ddc
_c
BK
999
_c
31444
_d
31444